Phytoplankton responses to human impacts at different scales

Phytoplankton responses to human impact at different scales provides a state-of-the-art review of changes in the phytoplankton assemblages determined by human alterations of lakes and rivers. A wide spectrum of case studies describe the effects due to eutrophication and climate change, as well as ot...

Πλήρης περιγραφή

Λεπτομέρειες βιβλιογραφικής εγγραφής
Συγγραφή απο Οργανισμό/Αρχή: SpringerLink (Online service)
Άλλοι συγγραφείς: Salmaso, Nico (Επιμελητής έκδοσης), Naselli-Flores, Luigi (Επιμελητής έκδοσης), Cerasino, Leonardo (Επιμελητής έκδοσης), Flaim, Giovanna (Επιμελητής έκδοσης), Tolotti, Monica (Επιμελητής έκδοσης), Padisák, Judit (Επιμελητής έκδοσης)
Μορφή: Ηλεκτρονική πηγή Ηλ. βιβλίο
Γλώσσα:English
Έκδοση: Dordrecht : Springer Netherlands : Imprint: Springer, 2012.
Σειρά:Developments in Hydrobiology ; 221
Θέματα:
Διαθέσιμο Online:Full Text via HEAL-Link
LEADER 05548nam a22005895i 4500
001 978-94-007-5790-5
003 DE-He213
005 20151031081031.0
007 cr nn 008mamaa
008 150321s2012 ne | s |||| 0|eng d
020 |a 9789400757905  |9 978-94-007-5790-5 
024 7 |a 10.1007/978-94-007-5790-5  |2 doi 
040 |d GrThAP 
050 4 |a QH540-549.5 
072 7 |a PSAF  |2 bicssc 
072 7 |a SCI020000  |2 bisacsh 
082 0 4 |a 577  |2 23 
245 1 0 |a Phytoplankton responses to human impacts at different scales  |h [electronic resource] /  |c edited by Nico Salmaso, Luigi Naselli-Flores, Leonardo Cerasino, Giovanna Flaim, Monica Tolotti, Judit Padisák. 
264 1 |a Dordrecht :  |b Springer Netherlands :  |b Imprint: Springer,  |c 2012. 
300 |a VI, 386 p.  |b online resource. 
336 |a text  |b txt  |2 rdacontent 
337 |a computer  |b c  |2 rdamedia 
338 |a online resource  |b cr  |2 rdacarrier 
347 |a text file  |b PDF  |2 rda 
490 1 |a Developments in Hydrobiology ;  |v 221 
505 0 |a 1. Foreword -- 2. Phytoplankton response to a changing climate -- 3. Long-term trends and ?ne year-to-year tuning of phytoplankton in large lakes are ruled by eutrophication and atmospheric modes of variability -- 4. Deep living Planktothrix rubescens modulated by environmental constraints and climate forcing -- 5. Resource ratio and human impact -- 6. Temperature modulated effects of nutrients on phytoplankton changes in a mountain lake -- 7. Coupling high-resolution measurements to a three-dimensional lake model to assess the spatial and temporal dynamics of the cyanobacterium Planktothrix rubescens in a medium-sized lake -- 8. Mixotrophic phytoplankton is enhanced by UV radiation in a low altitude, P-limited Mediterranean lake -- 9. Sedimentation of phytoplankton -- 10. Watershed land use types as drivers of freshwater phytoplankton structure -- 11. Catchement land use and trophic state impacts on phytoplankton composition -- 12. Phytoplankton dynamics in permanent and temporary Mediterranean waters -- 13. Present-absent -- 14. Bloom forming cyanobacterial complexes co-occurring in a subtropical large reservoir: validation of dominant eco-strategies -- 15. The habitat template of morphology-based functional groups -- 16. Comparison of morpho-functional phytoplankton classifications in human-impacted shallow lakes with different stable states -- 17. Phytoplanktopn functional and morpho-functional approach in large floodplain rivers -- 18. Phytoplankton functional groups as indicators of human impacts along the River Loire (France) -- 19. Functional groups of phytoplankton shaping diversity of shallow lake ecosystems -- 20. Photosynthetic characteristics and physiological plasticity of an Aphanizomenon flos-aquae (Cyanobacteria, Nostocaceae) winter bloom in a deep oligo-mesotrophic lake (Lake Stechlin, Germany) -- 21. The queer Tetraëdron minimum from Lake Kivu (Eastern Africa) -- 22. Changes in galactolipid composition of the cold freshwater dinoflagellate Borghiella dodgei in response to temperature -- 23. Present state of the systematic of planktonic coccoid green algae in inland waters -- 24. An update to moden taxonomy (2011) of freshwater planktic heterocytous cyanobacteria -- 25. Biogeographically interesting planktonic Nostocales (Cyanobacteria) in the Czech Repiblic and their polyphasic evaluation resulting in taxonomic revisions of Anabaena bergii Ostenfeld 1908 (Chrysosporum gen, nov.) and A. tenericaulis Nygaard 1949 (Dolichospermum tenericaule comb. nova) -- 26. Taxonomic and phylogenetic evaluation of Limnothrix strains (Oscillatoriales, Cyanobacteria) by adding Limnothrix planctonica strains isolated from central China -- 27. Impairing the largest and most productive forest on our planet. 
520 |a Phytoplankton responses to human impact at different scales provides a state-of-the-art review of changes in the phytoplankton assemblages determined by human alterations of lakes and rivers. A wide spectrum of case studies describe the effects due to eutrophication and climate change, as well as other impacts connected with watershed management, hydrological alterations and introduction of non-indigenous species. The volume also includes two wide reviews on planktonic coccoid green algae and planktic heterocytous cyanobacteria. This book is addressed to ecologists and scientists involved in phytoplankton ecology and taxonomy. Many case studies provide a sound scientific basis of knowledge for a wise management of water bodies. Previously published in Hydrobiologia, vol. 698, 2012. 
650 0 |a Life sciences. 
650 0 |a Ecology. 
650 0 |a Biodiversity. 
650 0 |a Aquatic ecology. 
650 0 |a Microbiology. 
650 0 |a Climate change. 
650 1 4 |a Life Sciences. 
650 2 4 |a Ecology. 
650 2 4 |a Biodiversity. 
650 2 4 |a Freshwater & Marine Ecology. 
650 2 4 |a Climate Change. 
650 2 4 |a Eukaryotic Microbiology. 
700 1 |a Salmaso, Nico.  |e editor. 
700 1 |a Naselli-Flores, Luigi.  |e editor. 
700 1 |a Cerasino, Leonardo.  |e editor. 
700 1 |a Flaim, Giovanna.  |e editor. 
700 1 |a Tolotti, Monica.  |e editor. 
700 1 |a Padisák, Judit.  |e editor. 
710 2 |a SpringerLink (Online service) 
773 0 |t Springer eBooks 
776 0 8 |i Printed edition:  |z 9789400757899 
830 0 |a Developments in Hydrobiology ;  |v 221 
856 4 0 |u http://dx.doi.org/10.1007/978-94-007-5790-5  |z Full Text via HEAL-Link 
912 |a ZDB-2-SBL 
950 |a Biomedical and Life Sciences (Springer-11642)